|
|
|
|
| LEADER |
00000nam0a2200000 4500 |
| 001 |
305093 |
| 005 |
20231102001751.0 |
| 035 |
|
|
|a (RuTPU)RU\TPU\book\330359
|
| 035 |
|
|
|a RU\TPU\book\34262
|
| 090 |
|
|
|a 305093
|
| 100 |
|
|
|a 20150923d1968 k y0rusy50 ca
|
| 101 |
0 |
|
|a rus
|
| 102 |
|
|
|a RU
|
| 105 |
|
|
|a a z 001zy
|
| 200 |
1 |
|
|a Радиационная дефектоскопия
|f С. В. Румянцев
|
| 210 |
|
|
|a Москва
|c Атомиздат
|d 1968
|
| 215 |
|
|
|a 560 с.
|
| 320 |
|
|
|a Библиогр.: с. 451-457.
|
| 606 |
1 |
|
|a Дефектоскопия радиационная
|2 stltpush
|3 (RuTPU)RU\TPU\subj\9377
|9 36636
|
| 610 |
1 |
|
|a сварные соединения
|
| 610 |
1 |
|
|a контроль
|
| 610 |
1 |
|
|a ионизирующие излучения
|
| 610 |
1 |
|
|a качество
|
| 610 |
1 |
|
|a естественная радиоактивность
|
| 610 |
1 |
|
|a искусственная радиоактивность
|
| 610 |
1 |
|
|a фотоэффекты
|
| 610 |
1 |
|
|a регистрация
|
| 610 |
1 |
|
|a измерения
|
| 610 |
1 |
|
|a рентгеновские аппараты
|
| 610 |
1 |
|
|a радиография
|
| 610 |
1 |
|
|a ксерография
|
| 610 |
1 |
|
|a дефекты
|
| 610 |
1 |
|
|a материалы
|
| 610 |
1 |
|
|a контроль
|
| 610 |
1 |
|
|a радиационная интроскопия
|
| 610 |
1 |
|
|a ионизационный метод
|
| 610 |
1 |
|
|a облучение
|
| 610 |
1 |
|
|a защита
|
| 610 |
1 |
|
|a радиометрический контроль
|
| 610 |
1 |
|
|a дозиметрический контроль
|
| 610 |
1 |
|
|a детали
|
| 610 |
1 |
|
|a механические свойства
|
| 610 |
1 |
|
|a технологические карты
|
| 675 |
|
|
|a 620.179.152
|v 3
|
| 700 |
|
1 |
|a Румянцев
|b С. В.
|g Степан Васильевич
|
| 801 |
|
0 |
|a RU
|b 63413507
|c 20011210
|g PSBO
|
| 801 |
|
2 |
|a RU
|b 63413507
|c 20150928
|g PSBO
|
| 942 |
|
|
|c BK
|